LEADER 04248nam 2200673 a 450 001 9911019520603321 005 20200520144314.0 010 $a9786611237554 010 $a9781119200703 010 $a1119200709 010 $a9781281237552 010 $a1281237558 010 $a9780470267929 010 $a0470267925 035 $a(CKB)1000000000401606 035 $a(EBL)333840 035 $a(OCoLC)437202739 035 $a(SSID)ssj0000197752 035 $a(PQKBManifestationID)12028666 035 $a(PQKBTitleCode)TC0000197752 035 $a(PQKBWorkID)10161369 035 $a(PQKB)10888715 035 $a(MiAaPQ)EBC333840 035 $a(Perlego)2763611 035 $a(EXLCZ)991000000000401606 100 $a20070914d2008 uy 0 101 0 $aeng 135 $aur|n|---||||| 181 $ctxt 182 $cc 183 $acr 200 10$aMargin trading from A to Z $ea complete guide to borrowing, investing, and regulation /$fMichael T. Curley 210 $aHoboken, N.J. $cJ. Wiley & Sons$dc2008 215 $a1 online resource (205 p.) 225 1 $aWiley Trading ;$vv.352 300 $aIncludes index. 311 08$a9781119108511 311 08$a1119108519 311 08$a9780470173947 311 08$a0470173947 327 $aMargin Trading from A to Z; Contents; Preface; About the Author; Chapter 1: Cash Accounts; SALE OF SECURITIES; PAYING FOR SECURITIES BY THE SALE OF OTHER SECURITIES; DELIVERY AGAINST PAYMENT; EMPLOYEE STOCK OPTIONS; CHAPTER ONE QUESTIONS; Chapter 2: Initial Federal Margin Requirements; PURCHASES; SALES; MEETING A MARGIN CALL; CHAPTER TWO QUESTIONS; Chapter 3: Initial and Minimum Maintenance Requirements; INITIAL REQUIREMENTS; HOUSE REQUIREMENTS; NYSE MINIMUM MAINTENANCE REQUIREMENTS; CHAPTER THREE QUESTIONS; Chapter 4: The Special Memorandum Account; CUSTOMER'S ACCOUNT; CHAPTER FOUR QUESTIONS 327 $aChapter 5: Short SalesCOVERING SHORT SALES; NYSE MINIMUM MAINTENANCE REQUIREMENTS; SAMPLE TRANSACTIONS; SHORT SALE VERSUS THE BOX OR SHORT AGAINST THE BOX; PRIME BROKER; CHAPTER FIVE QUESTIONS; Chapter 6: Bonds; U.S. GOVERNMENT SECURITIES; ZERO-COUPON GOVERNMENT OBLIGATIONS; MUNICIPALS; NONCONVERTIBLE CORPORATE BONDS; CHAPTER SIX QUESTIONS; Chapter 7: Miscellaneous Categories; WHEN-ISSUED AND WHEN-DISTRIBUTED TRANSACTIONS; SEGREGATION OF CUSTOMERS' SECURITIES; REVIEW OF CUSTOMERS' ACCOUNTS; INTEREST CHARGES; MARGIN ON NEW ISSUES; DAY TRADES; CHAPTER SEVEN QUESTIONS; Chapter 8: Options 327 $aDEFINITIONSADDITIONAL DEFINITIONS RELATED TO THE TYPES OF OPTIONS; EXAMPLES; REQUIREMENTS FOR THE PURCHASE AND/OR SALE OF OPTIONS; LONG-TERM EQUITY ANTICIPATION SECURITIES; OTHER TYPES OF OPTIONS; ADDITIONAL DETAILS CONCERNING OPTIONS; CHAPTER EIGHT QUESTIONS; Chapter 9: Portfolio Margining; MARGIN DEFICIENCIES; CHAPTER 9 QUESTIONS; Appendix A: The Federal Reserve; RESERVE REQUIREMENTS; Appendix B: Customer Margin Account and SMA Sheets; Appendix C: Answers to Chapter Questions; CHAPTER ONE; CHAPTER 2; CHAPTER 3; CHAPTER 4; CHAPTER 5; CHAPTER 6; CHAPTER 7; CHAPTER 8; CHAPTER 9 327 $aAppendix D: Final Examination QuestionsAppendix E: Final Examination Answers; Glossary; Index 330 $aMargin Trading from A to Z offers a step-by-step explanation of the mechanics of the margin account. Filled with in-depth insights and expert advice, this book uses a hands-on approach to show how a Regulation T Margin Call is arrived at; how it may be answered; and how an account looks once a call is issued and after the call is met. Other items covered by this detailed guide include minimum maintenance requirements, short selling, memorandum accounts, options, hedge funds, and portfolio margining. The book includes quiz questions and a comprehensive exam. 410 0$aWiley Trading 606 $aMargin accounts$zUnited States 606 $aMargins (Security trading)$zUnited States 615 0$aMargin accounts 615 0$aMargins (Security trading) 676 $a332.63/2280973 700 $aCurley$b Michael T$01839835 801 0$bMiAaPQ 801 1$bMiAaPQ 801 2$bMiAaPQ 906 $aBOOK 912 $a9911019520603321 996 $aMargin trading from A to Z$94419211 997 $aUNINA LEADER 02117nam0 22004933i 450 001 VEA0061898 005 20251003044438.0 010 $a8845306895 020 $aIT$b94-11206 100 $a20130827d1994 ||||0itac50 ba 101 | $aita 102 $ait 181 1$6z01$ai $bxxxe 182 1$6z01$an 183 1$6z01$anc$2RDAcarrier 200 1 $aˆIl ‰trade marketing$eil mercato, i canali distributivi, i rapporti industria e distribuzione, il mix, la comunicazione$fEnrico Beltramini, Carlo Gaeta$gprefazione di Edoardo Teodoro Brioschi 210 $aMilano$cETAS libri$d1994 215 $aXI, 228 p.$d24 cm. 225 | $aGestione d'impresa$i. Marketing e vendite 410 0$1001CFI0165486$12001 $aGestione d'impresa$i. Marketing e vendite 606 $aMerci$xDistribuzione$2FIR$3CFIC002615$9E 606 $aVendite$xOrganizzazione$2FIR$3CFIC000046$9E 606 $aVendite$xOrganizzazione$2FIR$3CFIC000046$9E 606 $aMerci$xDistribuzione$2FIR$3CFIC002615$9E 676 $a658.8$9GESTIONE DELLA DISTRIBUZIONE (MARKETING)$v12 676 $a658.8$9GESTIONE DELLA DISTRIBUZIONE (MARKETING)$v21 696 $aOrganizzazione 696 $aOrganizzazione 699 $aOrganizzazione$zOrganizzazione 699 $aOrganizzazione$zOrganizzazione 700 1$aBeltramini$b, Enrico$3CFIV127218$4070$0115598 701 1$aGaeta$b, Carlo$3VEAV033179$4070$0116231 702 1$aBrioschi$b, Edoardo Teodoro$3CFIV054657 790 1$aBrioschi$b, Edoardo T.$3MILV181382$zBrioschi, Edoardo Teodoro 790 1$aBrioschi$b, Edoardo T.$3MILV181382$zBrioschi, Edoardo Teodoro 801 3$aIT$bIT-000000$c20130827 850 $aIT-BN0095 $aIT-NA0299 901 $bNAP 01$cAZ $n$ 901 $bNAP AG$cII $n$ 912 $aVEA0061898 950 0$aBiblioteca Centralizzata di Ateneo$c1 v.$d 01AZ (AR) 22 337$e 01AR 0700223375 VMA 1 v.$fY $h20141210$i20141210 977 $a 01$a AG 996 $aTrade marketing$970118 997 $aUNISANNIO